Pastoral epistles; (Record no. 4484)

MARC details
000 -LEADER
fixed length control field 00790cam a22002531 4500
001 - CONTROL NUMBER
control field 7521281
003 - CONTROL NUMBER IDENTIFIER
control field GBCCL
005 - DATE AND TIME OF LATEST TRANSACTION
control field 20241126110519.0
008 - FIXED-LENGTH DATA ELEMENTS--GENERAL INFORMATION
fixed length control field 751008s1964 xx 000 0 eng
010 ## -
-- 65000709
035 ## - SYSTEM CONTROL NUMBER
System control number (OCoLC)1684957
040 ## - CATALOGING SOURCE
Original cataloging agency DLC
Transcribing agency PCoR
Modifying agency DLC
050 00 -
-- BS2735.3
-- .C3
082 ## - DEWEY DECIMAL CLASSIFICATION NUMBER
Classification number 227.807
Item number CAR
100 1# - MAIN ENTRY--PERSONAL NAME
Personal name Carleton, A. P.
Fuller form of name (Arthur Patrick)
9 (RLIN) 8356
245 10 - TITLE STATEMENT
Title Pastoral epistles;
Remainder of title a commentary
Statement of responsibility, etc. by A. P. Carleton.
260 ## - PUBLICATION, DISTRIBUTION, ETC.
Place of publication, distribution, etc. New York,
Name of publisher, distributor, etc. Association Press
Date of publication, distribution, etc. [1964]
300 ## - PHYSICAL DESCRIPTION
Extent 77 p.
Dimensions 19 cm.
490 0# - SERIES STATEMENT
Series statement World Christian books,
-- no. 51. 3d ser.
500 ## - GENERAL NOTE
General note "Quotations from The New English Bible."
630 00 - SUBJECT ADDED ENTRY--UNIFORM TITLE
Uniform title Bible.
Name of part/section of a work Pastoral Epistles
General subdivision Commentaries.
9 (RLIN) 866
906 ## - LOCAL DATA ELEMENT F, LDF (RLIN)
a 7
b cbc
c oclcrpl
d u
e ncip
f 19
g y-gencatlg
942 ## - ADDED ENTRY ELEMENTS (KOHA)
Source of classification or shelving scheme Dewey Decimal Classification
Koha item type Books
Koha issues (borrowed), all copies 1
Holdings
Withdrawn status Lost status Source of classification or shelving scheme Damaged status Not for loan Home library Current Library Shelving location Date acquired Total checkouts Full call number Barcode Date last seen Date last checked out Copy number Price effective from Koha item type
    Dewey Decimal Classification     GRACE BIBLE COLLEGE GRACE BIBLE COLLEGE Biblical Studies 2018-01-22 1 227.807 CAR 001608 2025-05-01 2023-01-31 c.1 2018-01-22 Books
© Grace Bible College Library 2025